000
002180000a22000970004500
100
1
_a
Willard, Dallas
245
1
0
_a
Leaders, Christ and power
300
_a
Núm 33 (1992), Páginas 11
773
0
_t
Together
942
_c
ANA
999
_c
56361
_d
56361